000 01145nam a22002657a 4500
003 NALT
005 20251125233004.0
008 s2549 th tha d
020 _a9749818598
040 _aNALT
041 _atha
050 _aDS 578.32
_bว555ส 2549
100 0 _aวิชิตวงศ์ ณ ป้อมเพชร
_95822
245 1 0 _aสี่แยกราชวัตร /
_cวิชิตวงศ์ ณ ป้อมเพชร.
260 _aกรุงเทพฯ :
_bแสงดาว,
_c2549
300 _a231 หน้า :
_bภาพประกอบ ;
_c21 ซม.
650 0 4 _aกรุงเทพมหานคร (ราชวัตร) -- ประวัติ
650 0 4 _aราชวัตร -- ประวัติ
650 0 4 _aวิชิตวงศ์ ณ ป้อมเพชร
650 0 4 _aนามสกุล -- ณ ป้อมเพชร -- ประวัติ
850 _aNALT
856 4 0 _uhttps://hdl.handle.net/20.500.14156/411868
942 _cGB
_2lcc
999 _c47944
_d47944
998 _j109
_k นางสาวอารีรัตน์ วิชาช่าง